00197nam a2200097Ia 4500008004100000041000800041082001200049100001600061245001300077260000900090240625s9999 xx 000 0 und d aeng a920 KAT aKATE ASHISH aEUPHORIA c2011